Study on economy analysis of farmer who apply pesticides on brassicaceae crop in saang and kien svay district, kandal province; ការសិក្សាសេដ្ឋកិច្ចកសិករដែលប្រើប្រាស់ថ្នាំពុលកសិកម្មលើដំណាំបន្លែនៅស្រុកស្អាង និងស្រុកកៀនស្វាយ ខេត្តកណ្ដាល (Record no. 10730)
[ view plain ]
| 000 -LEADER | |
|---|---|
| fixed length control field | 00834nam a22001577a 4500 |
| 003 - CONTROL NUMBER IDENTIFIER | |
| control field | OSt |
| 005 - DATE AND TIME OF LATEST TRANSACTION | |
| control field | 20161104114316.0 |
| 008 - FIXED-LENGTH DATA ELEMENTS--GENERAL INFORMATION | |
| fixed length control field | 161104b xxu||||| |||| 00| 0 eng d |
| 040 ## - CATALOGING SOURCE | |
| Transcribing agency | RUA |
| 082 ## - DEWEY DECIMAL CLASSIFICATION NUMBER | |
| Classification number | AGR ENG 2015 B520 Or.1 |
| 100 ## - MAIN ENTRY--PERSONAL NAME | |
| 9 (RLIN) | 11158 |
| Personal name | ENG SEAKHENG; អេង សៀកហេង |
| 245 ## - TITLE STATEMENT | |
| Title | Study on economy analysis of farmer who apply pesticides on brassicaceae crop in saang and kien svay district, kandal province; ការសិក្សាសេដ្ឋកិច្ចកសិករដែលប្រើប្រាស់ថ្នាំពុលកសិកម្មលើដំណាំបន្លែនៅស្រុកស្អាង និងស្រុកកៀនស្វាយ ខេត្តកណ្ដាល |
| 260 ## - PUBLICATION, DISTRIBUTION, ETC. (IMPRINT) | |
| Place of publication, distribution, etc. | Phnom Penh |
| Name of publisher, distributor, etc. | ENG |
| Date of publication, distribution, etc. | 2015 |
| 300 ## - PHYSICAL DESCRIPTION | |
| Extent | xi;52p. |
| Other physical details | ill. |
| Dimensions | 29cm. |
| 942 ## - ADDED ENTRY ELEMENTS (KOHA) | |
| Source of classification or shelving scheme | |
| Koha item type | AGR |
| Price effective from | Date last seen | Permanent Location | Not for loan | Date acquired | Source of classification or shelving scheme | Koha item type | Lost status | Withdrawn status | Total Renewals | Date last checked out | Total Checkouts | Shelving location | Damaged status | Barcode | Current Location | Full call number |
|---|---|---|---|---|---|---|---|---|---|---|---|---|---|---|---|---|
| 2016-11-04 | 2024-01-05 | Library Block B | 2016-11-04 | AGR | 2024-01-03 | 2 | B520 | A01612 | Library Block B | AGR ENG 2015 B520 Or.1 | ||||||
| 2016-11-04 | 2016-11-04 | Library Block B | 2016-11-04 | AGR | B520 | A00405 | Library Block B | AGR ENG 2015 B520 Or.2 | ||||||||
| 2016-11-04 | 2016-11-04 | Library Block B | 2016-11-04 | AGR | B520 | A00416 | Library Block B | AGR ENG 2015 B520 Or.3 | ||||||||
| 2016-11-04 | 2019-11-19 | Library Block B | 2016-11-04 | AGR | 2019-10-19 | 2 | B520 | A01854 | Library Block B | AGR ENG 2015 B520 Or.4 | ||||||
| 2016-11-04 | 2016-11-04 | Library Block B | 2016-11-04 | AGR | B520 | A00546 | Library Block B | AGR ENG 2015 B520 Or.5 | ||||||||
| 2016-11-04 | 2016-11-04 | Library Block B | 2016-11-04 | AGR | B520 | A02426 | Library Block B | AGR ENG 2015 B520 Or.6 | ||||||||
| 2016-11-04 | 2019-11-25 | Library Block B | 2016-11-04 | AGR | 1 | 2019-09-03 | 3 | B520 | A02116 | Library Block B | AGR ENG 2015 B520 Or.7 | |||||
| 2016-11-04 | 2016-11-04 | Library Block B | 2016-11-04 | AGR | B520 | A00862 | Library Block B | AGR ENG 2015 B520 Or.8 |